Triết lí phát triển giáo dục Hồ Chí Minh /

محفوظ في:
التفاصيل البيبلوغرافية
المؤلف الرئيسي: Nguyễn Tùng Lâm.
التنسيق: مقال
اللغة:Vietnamese
الموضوعات:
الوسوم: إضافة وسم
لا توجد وسوم, كن أول من يضع وسما على هذه التسجيلة!
Thư viện lưu trữ: Thư viện Trường Đại học Đà Lạt
LEADER 00789nam a2200277 4500
001 DLU160175849
005 ##20160513
040 # # |a DLU  |b vie 
041 # # |a vie 
044 # # |a vn 
100 # # |a Nguyễn Tùng Lâm. 
245 # # |a Triết lí phát triển giáo dục Hồ Chí Minh /  |c Nguyễn Tùng Lâm. 
653 # # |a Hồ Chí Minh 
653 # # |a Phát triển giáo dục 
653 # # |a Triết lí 
773 # # |t Tạp chí Khoa học giáo dục  |g Số 59(93), (6) 2014, tr. 159-164 
920 # # |a Phòng Tạp chí -- Trung tâm Thông tin - Thư viện Trường Đại học Đà Lạt 
994 # # |a DLU 
900 # # |a True 
911 # # |a Nguyễn Thị Mai Anh 
925 # # |a G 
926 # # |a A 
927 # # |a BB 
980 # # |a Thư viện Trường Đại học Đà Lạt